Middle class, media and Modi: The making of a new electoral politics (Record no. 393496)

MARC details
000 -LEADER
fixed length control field 00557 a2200193 4500
005 - DATE & TIME
control field 20260213164153.0
008 - FIXED-LENGTH DATA ELEMENTS--GENERAL INFORMATION
fixed length control field 250829b |||||||| |||| 00| 0 eng d
020 ## - ISBN
International Standard Book Number 9788126939787
Price Rs. 1395.00
040 ## - CATALOGING SOURCE
Original cataloging agency VIVEKANANDA LIBRARY
082 ## - DDC NUMBER
Classification number 320.9540533
Book Number P88M
100 ## - MAIN ENTRY--PERSONAL NAME
Personal name Prabhu, Nagesh
245 ## - TITLE STATEMENT
Title Middle class, media and Modi: The making of a new electoral politics
260 ## - PUBLICATION, DISTRIBUTION, ETC. (IMPRINT)
Name of publisher, distributor, etc Atlantic Publishers and Distributors
Date of publication, distribution, etc 2020
Place of publication, distribution, etc New Delhi
300 ## - PHYSICAL DESCRIPTION
Pages xxxiii, 374
650 ## - Subject
Subject Political Science
650 ## - Subject
Subject Caste
650 ## - Subject
Subject Middle Class
942 ## - ADDED ENTRY ELEMENTS (KOHA)
Koha item type Books
Holdings
Withdrawn status Lost status Source of classification or shelving scheme Damaged status Not for loan Location (home branch) Sublocation or collection (holding branch) Shelving location Date acquired Koha issues (times borrowed) Koha full call number Accession No. Koha date last seen Koha item type
    Dewey Decimal Classification     VIVEKANANDA LIBRARY VIVEKANANDA LIBRARY Vivekananda Library 08/10/2025   320.9540533 P88M 443278 08/10/2025 Books
© Designed and Maintained by Vivekananda Library, MDU Rohtak